Processornyje izmeriteľnyje sredstva /

Gespeichert in:
Bibliographische Detailangaben
1. Verfasser: Cvetkov, Erik Ivanovič (Verfasst von)
Format: Buch
Sprache:Russisch
Veröffentlicht: Leningrad : Energoatomizdat, 1989
Tags: Tag hinzufügen
Keine Tags, Fügen Sie das erste Tag hinzu!

MARC

LEADER 00000nam a22000003a 4500
001 stu3677
005 20150617225813.8
008 930423s1989----xxr-----------------rus-d
040 |a STU  |b slo 
041 0 |a rus 
044 |a xxr 
080 |a 53.08 
080 |a 621.317.08  |7 stu_us_auth*stu9927 
080 |a 681.32.08 
080 |a 681.518.3 
100 1 |a Cvetkov, Erik Ivanovič  |4 aut 
245 1 |a Processornyje izmeriteľnyje sredstva /  |c [aut.] Cvetkov,Erik Ivanovič 
260 |a Leningrad :  |b Energoatomizdat,  |c 1989 
300 |a 221 s 
996 |b I4032  |c I*4032  |l II680  |s A  |a 24  |w stu3677_0001